Entrepreneurship and small business management / (Record no. 64493)

MARC details
000 -LEADER
fixed length control field 01190nam a22002777a 4500
005 - DATE AND TIME OF LATEST TRANSACTION
control field 20120329105823.0
008 - FIXED-LENGTH DATA ELEMENTS--GENERAL INFORMATION
fixed length control field 120329t xxu||||| |||| 00| 0 eng d
010 ## - LCCN (DPL NO)
LC control number ENG-104909
020 ## - INTERNATIONAL STANDARD BOOK NUMBER
International Standard Book Number 9788180548987
Terms of availability 215.00
020 ## - INTERNATIONAL STANDARD BOOK NUMBER
International Standard Book Number 8180548988
Terms of availability 215.00
035 ## - SYSTEM CONTROL NUMBER
System control number EN-88442
037 ## - SOURCE OF ACQUISITION
Source of stock number/acquisition DBAD / PUB
040 ## - CATALOGING SOURCE
Original cataloging agency DPL
Language of cataloging Eng
082 ## - DEWEY DECIMAL CLASSIFICATION NUMBER
Classification number 658.022
100 ## - MAIN ENTRY--PERSONAL NAME
Personal name Gupta, C.B.
9 (RLIN) 44492
245 ## - TITLE STATEMENT
Title Entrepreneurship and small business management /
Statement of responsibility, etc by C.B. Gupta [and] S.S. Khanka
250 ## - EDITION STATEMENT
Edition statement 5th rev. ed
260 ## - PUBLICATION, DISTRIBUTION, ETC. (IMPRINT)
Place of publication, distribution, etc New Delhi
Name of publisher, distributor, etc Sultan Chand
Date of publication, distribution, etc 2012
270 ## - ADDRESS
Address 23, Darya Ganj,
City New Delhi
Postal code 110 002
300 ## - PHYSICAL DESCRIPTION
Extent various pagings
Dimensions 24cm(pbk )
700 ## - ADDED ENTRY--PERSONAL NAME
Personal name Khanka, S.S.
9 (RLIN) 44503
942 ## - ADDED ENTRY ELEMENTS (KOHA)
Institution code [OBSOLETE] dpl
Item type English Books
Source of classification or shelving scheme Dewey Decimal Classification
Classification part 658.022
Call number suffix GUP
Holdings
Withdrawn status Lost status Source of classification or shelving scheme Damaged status Not for loan Collection code Home library Current library Date acquired Source of acquisition Cost, normal purchase price Total Checkouts Full call number Barcode Date last seen Copy number Cost, replacement price Koha item type
    Dewey Decimal Classification   Not For Loan Non-fiction D.B.Act.Division D.B.Act.Division 29/03/2012 DBAD/PUB 215.00   658.022 GUP EN-88442 29/03/2012 1 215.00 English Books
    Dewey Decimal Classification     Non-fiction Kadipur Kadipur 07/08/2019 BPPD/PUB 65.00   658.022 GUP A-934160 07/08/2019   65.00 English Books

© Delhi Public Library
Hit Counter
free hit counter